[Event "Olympiad Women 2024"]
[Site "Budapest HUN"]
[Date "2024.09.11"]
[Round "1.48"]
[Board "4"]
[White "Al Ghafri, Alanoud"]
[Black "Musabayeva, Diana"]
[Result "0-1"]
[WhiteElo "1546"]
[BlackElo "1911"]
[PlyCount "118"]
[EventDate "2024.09.11"]
[WhiteTeam "Oman"]
[BlackTeam "Belgium"]
[WhiteTeamCountry "OMN"]
[BlackTeamCountry "BEL"]

1. e4 {ChessBase II} c5 2. Nf3 d6 3. d4 cxd4 4. Qxd4 e5 5. Bb5+ Nd7 6. Qd3 a6 7. Ba4 $146 ({RR} 7. Bxd7+ Bxd7 8. Nc3 h6 9. a4 Nf6 10. Nd2 Be7 11. Nc4 Be6 12. Be3 Bxc4 13. Qxc4 Rc8 14. Qb3 Qc7 15. O-O O-O 16. f3 Qc6 17. Rf2 Rfd8 18. Rd1 Rd7 19. Nd5 Nxd5 20. Rxd5 Qc4 21. Qxc4 Rxc4 {½-½ Yukhtman,J-Levitsky,S UKR-ch33 Final 1964 (16)}) ({RR} 7. Bxd7+ Bxd7 8. c4 Rc8 ({RR} 8... b5 9. Nc3 bxc4 10. Qxc4 Be6 11. Qc6+ Bd7 12. Qc4 Be6 13. Qc6+ Bd7) 9. a4 b5 10. axb5 axb5 11. b3 bxc4 12. bxc4 Be7 13. O-O ({RR} 13. Na3 Nf6 14. O-O O-O 15. Nc2 Bc6 16. Nd2 Ra8 17. Ba3 Ra4 18. Ne3 g6 19. Bb2 Rxa1 20. Rxa1 Qb6 21. Rb1 Qc7 22. Nd5 Nxd5 23. cxd5 Ba4 24. Rc1 Qb7 25. Rb1 Bb5 26. Qb3 Rb8 27. Ba3 Qc7) 13... Be6 14. Ra4 {½-½ Gharamian,T (2614)-Solodovnichenko,Y (2531) FRA-chT Top 12 2018 (11)}) ({RR} 7. Bxd7+ Bxd7 8. c4 b5 9. Nc3 bxc4 10. Qxc4 Be6 11. Qc6+ Bd7 12. Qc4 Be6 13. Qd3 h6 14. O-O Nf6 15. Rd1 Be7 16. Ne1 O-O 17. Nc2 Qb6 18. Ne3 Rfc8 19. b3 Qb7 20. Bb2 a5 21. Rab1 Ra6 {1-0 Norman,K (1932)-Liavonava,Y (1878) 80th ch-BLR w 2024 (3.2)}) ({RR} 7. Bxd7+ Qxd7 8. c4 f5 9. Nc3 Nf6 10. Bg5 fxe4 11. Nxe4 Nxe4 12. Qxe4 Qc6 13. Qxc6+ bxc6 14. O-O h6 15. Bh4 Bb7 16. Rfe1 c5 17. Nd2 g5 18. Bg3 Be7 19. Ne4 O-O-O 20. Rad1 h5 21. h3 Rh6 {0-1 Hug,W-Horvath,T Schilde op U18 5th 1969 (8)}) 7... Ngf6 8. Bg5 b5 9. Bxf6 Qxf6 10. Qd5 Rb8 11. Bb3 Bb7 12. Qd3 Nc5 13. Qe3 Nxe4 14. Nc3 Nxc3 15. Qxc3 Be7 16. O-O-O O-O 17. Bd5 Rfc8 18. Qb3 Bxd5 19. Rxd5 Qf4+ 20. Kb1 Qc4 21. Nd2 Qxb3 22. Nxb3 Rc7 23. Re1 Rbc8 24. c3 Rc4 25. Nd2 R4c5 26. Rd3 f5 27. g3 Kf7 28. h4 R5c6 29. Rf3 g6 30. h5 Kg7 31. Kc2 e4 32. Rfe3 d5 33. Nb3 Bf6 34. Rd1 Rd6 35. f3 Rc4 36. fxe4 Rxe4 37. Red3 Be5 38. Rxd5 Re2+ 39. Kb1 Rxd5 40. Rxd5 Bxg3 41. hxg6 hxg6 42. Nd4 Re4 43. Rd7+ Kh6 44. Ra7 Bf2 45. Rxa6 Bxd4 46. cxd4 Rxd4 47. Rb6 b4 48. Kc2 f4 49. Re6 Kh5 50. Re2 f3 51. Rd2 Rxd2+ 52. Kxd2 Kg4 53. Ke1 Kg3 54. Kf1 f2 55. a3 bxa3 56. bxa3 g5 57. a4 g4 58. a5 Kf3 59. a6 g3 0-1

[Event "Olympiad Women 2024"]
[Site "Budapest HUN"]
[Date "2024.09.11"]
[Round "1.49"]
[Board "1"]
[White "Alazmi, Amani"]
[Black "Sulyok, Eszter"]
[Result "0-1"]
[WhiteElo "1673"]
[BlackElo "2080"]
[PlyCount "80"]
[EventDate "2024.09.11"]
[WhiteTeam "Kuwait"]
[BlackTeam "Hungary C"]
[WhiteTeamCountry "KUW"]

1. c4 c5 2. Nc3 g6 3. g3 Bg7 4. Bg2 Nc6 5. e3 e5 6. Nge2 Nge7 7. O-O O-O 8. b3 d6 9. Bb2 a6 10. Rb1 $146 ({RR} 10. d3 Rb8 11. Qd2 b6 12. Nd5 Nxd5 13. Bxd5 Ne7 14. Bg2 d5 15. cxd5 Nxd5 16. d4 cxd4 17. exd4 exd4 18. Bxd4 Nf6 19. Qb2 Bb7 20. Nf4 Bxg2 21. Nxg2 Rb7 22. Ne3 Rd7 23. Rad1 h5 24. Be5 Ne8 {½-½ Filip,M-Shamkovich,L Marianske Lazne 1965 (4)}) ({RR} 10. d3 Rb8 11. Qd2 b5 12. f4 Bd7 13. Ne4 Bf5 14. Nf2 Be6 15. fxe5 dxe5 16. Rfd1 f5 17. Rac1 bxc4 18. dxc4 Qxd2 19. Rxd2 Rfd8 20. Rcd1 Rxd2 21. Rxd2 Kf7 22. Nd3 Rd8 23. Bc3 e4 24. Nxc5 Rxd2 {½-½ Demidov,M (2556)-Timofeev,A (2586) RUS Cup final 2021 (2.5)}) ({RR} 10. d3 Rb8 11. Nd5 Nxd5 12. cxd5 Ne7 13. Qd2 b5 14. b4 Bb7 15. e4 cxb4 16. Qxb4 a5 17. Qd2 Qb6 18. Kh1 b4 19. a4 Ba6 20. f3 f5 21. h4 Rbc8 22. Rac1 f4 23. g4 g5 24. h5 Qa7 {0-1 Chidvilash,S (2220)-Boder,J (2349) 22nd Spilimbergo Open 2024 (5.23)}) ({RR} 10. d3 Rb8 11. Qd2 Qa5 12. Rfd1 b5 13. Nd5 Qxd2 14. Nxe7+ Nxe7 15. Rxd2 Bb7 16. Nc3 Bxg2 17. Kxg2 {½-½ Hort,V-Bobotsov,M Olympiad-17 Final A 1966 (9)}) 10... Rb8 11. a4 Bf5 12. Rc1 Nb4 13. e4 Be6 14. d3 Nec6 15. Rb1 Qd7 16. Nd5 b5 17. f4 f5 18. Kh1 bxa4 19. bxa4 Rb7 20. Bc3 a5 21. Nxb4 cxb4 22. Ba1 fxe4 23. Bxe4 d5 24. cxd5 Bxd5 25. fxe5 Rxf1+ 26. Qxf1 Bxe4+ 27. dxe4 Qd3 28. Rd1 Qxe4+ 29. Kg1 b3 30. Nc3 Qe3+ 31. Kh1 Rf7 32. Qc4 Qf3+ 33. Kg1 Bxe5 34. Rd7 Bd4+ 35. Rxd4 Nxd4 36. Qc8+ Kg7 37. Qc4 Qf2+ 38. Kh1 Qf1+ 39. Qxf1 Rxf1+ 40. Kg2 Rxa1 0-1

[Event "Olympiad Women 2024"]
[Site "Budapest HUN"]
[Date "2024.09.11"]
[Round "1.49"]
[Board "2"]
[White "Toth, Lili"]
[Black "Alazemi, Aisha"]
[Result "0-1"]
[WhiteElo "2105"]
[BlackElo "1539"]
[PlyCount "62"]
[EventDate "2024.09.11"]
[WhiteTeam "Hungary C"]
[BlackTeam "Kuwait"]
[BlackTeamCountry "KUW"]

1. e4 e5 2. Nf3 Nc6 3. Bc4 Bc5 4. d3 Qe7 5. a4 $146 ({RR} 5. O-O h6 6. Nc3 Nf6 7. Nb5 d6 8. c3 Bg4 9. b4 Bb6 10. Na3 a6 11. Nc2 Nh7 12. h3 Bd7 13. Be3 g5 14. g4 h5 15. Nh2 hxg4 16. hxg4 O-O-O 17. f3 Nf8 18. Bxb6 cxb6 19. d4 Ng6 {0-1 Puttfarken,J (1022)-Raedisch,P (1659) Lucky op 2nd 1999 (8)}) ({RR} 5. O-O Nf6 6. d4 Bb6 7. d5 Nd8 8. Bg5 h6 9. Bxf6 Qxf6 10. Nbd2 O-O 11. a3 d6 12. Re1 Bg4 13. b4 a6 14. Be2 Re8 15. c4 Ba7 16. Rc1 Bxf3 17. Bxf3 c5 18. b5 a5 19. a4 b6 {½-½ Razafindrabe,B (1170)-Banda,N (1493) Antananarivo zt 4.3 (Women) 2019 (3)}) ({RR} 5. Nc3 Nf6 6. Bg5 O-O 7. Nd5 Qd6 8. Nxf6+ gxf6 9. Bh6 Re8 10. Nh4 f5 11. Qh5 Qf6 12. Bg5 Qg7 13. exf5 Be7 14. Bh6 Qf6 15. Nf3 Kh8 16. Bxf7 Nd4 17. Nxd4 exd4 18. Bxe8 Bb4+ 19. Kd1 d6 {1-0 Lynge,T (1669)-Hein,J (1305) Politiken Cup 24th 2002 (3)}) 5... a5 6. Nc3 Nb4 7. O-O d6 8. Ng5 Nh6 9. h3 c6 10. Kh1 Be6 11. Nxe6 fxe6 12. Bxh6 gxh6 13. Qh5+ Kd7 14. f4 Rhf8 15. f5 Nxc2 16. Bxe6+ Kc7 17. Rac1 Nd4 18. Ba2 Rf6 19. Nd1 Qg7 20. Nf2 Kb6 21. Kh2 Rd8 22. Ng4 Ne2 23. Rce1 Nf4 24. Rxf4 exf4 25. Nxf6 Qg3+ 26. Kh1 Qxe1+ 27. Kh2 Bf2 28. h4 Qg1+ 29. Kh3 Qh1+ 30. Kg4 Qxg2+ 31. Kxf4 Qg3# 0-1

[Event "Olympiad Women 2024"]
[Site "Budapest HUN"]
[Date "2024.09.11"]
[Round "1.49"]
[Board "4"]
[White "Sipos, Stefania"]
[Black "Ajbali, Ghaleyah"]
[Result "1-0"]
[WhiteElo "1993"]
[BlackElo "1513"]
[PlyCount "61"]
[EventDate "2024.09.11"]
[WhiteTeam "Hungary C"]
[BlackTeam "Kuwait"]
[BlackTeamCountry "KUW"]

1. e4 c6 2. d4 d5 3. e5 Bf5 4. g4 Bg6 5. e6 ({RR} 5. Nh3 e6 6. Nf4 Be4 7. f3 Qh4+ 8. Ke2 Bg6 9. Be3 Nd7 10. c3 Qd8 11. h4 Bxb1 12. Rxb1 c5 13. Kf2 cxd4 14. cxd4 Ne7 15. Qb3 Rb8 16. Qa4 a6 17. Rc1 Nc6 18. g5 Be7 19. Bd3 Nb6 {0-1 Morozevich,A (2678)-Topalov,V (2743) Amber-rapid 12th 2003 (10)}) 5... fxe6 6. h4 c5 $146 ({RR} 6... h5 7. Bd3 Bxd3 8. Qxd3 hxg4 9. Qg6+ Kd7 10. Qxg4 Nf6 11. Qe2 c5 12. Nf3 Nc6 13. Bf4 Qb6 14. c3 Rc8 15. Ng5 Na5 16. dxc5 Rxc5 17. Be3 {1-0 Rogov,Y-Hodzhikjan,S Moscow-ch Silent fin 1996}) ({RR} 6... h5 7. Bd3 Bxd3 8. Qxd3 hxg4 9. Qg6+ Kd7 10. Qxg4 Nf6 11. Qh3 c5 12. Nf3 Nc6 13. dxc5 Qa5+ 14. c3 Qxc5 15. Nbd2 g6 16. Nb3 Qd6 17. Ng5 Bh6 18. Nf7 Qb8 19. Bxh6 Rh7 20. Nc5+ Ke8 21. Qxe6 {1-0 Hungaski,R (2471)-Mrudul,D (1968) Titled Tue 16th Jan Early 2024 (5)}) ({RR} 6... h5 7. Bd3 Bxd3 8. Qxd3 hxg4 9. Qg6+ Kd7 10. f3 Qc7 11. Qxg4 Nf6 12. Qh3 c5 13. Ne2 cxd4 14. Nxd4 Qe5+ 15. Ne2 Nc6 16. Nbc3 Rd8 17. Bf4 Qf5 18. O-O-O Kc8 19. Qxf5 exf5 20. Nd4 Nxd4 21. Rxd4 {1-0 Trifoi,M (1988)-Hoanca,A (1730) 31st EY Girls U18 2023 (3.6)}) 7. h5 Bf7 8. g5 cxd4 9. g6 hxg6 10. hxg6 Rxh1 11. gxf7+ Kxf7 12. Qf3+ Nf6 13. Qxh1 Qd6 14. Nf3 Nc6 15. Ng5+ Ke8 16. Bh3 Nd8 17. Qf3 Rc8 18. Na3 Qb4+ 19. Kd1 Rc6 20. Qd3 Kd7 21. Nf3 Ne4 22. Ke2 Nc5 23. Qxd4 Qxd4 24. Nxd4 Rc8 25. Bf4 g6 26. c3 Nf7 27. b4 Ne4 28. Bxe6+ Kd8 29. Bxc8 Kxc8 30. Ne6 Nxc3+ 31. Kd3 1-0

[Event "Olympiad Women 2024"]
[Site "Budapest HUN"]
[Date "2024.09.11"]
[Round "1.50"]
[Board "1"]
[White "Keinanen, Anastasia"]
[Black "Ruddy, Rachel"]
[Result "1-0"]
[WhiteElo "2212"]
[BlackElo "1662"]
[PlyCount "117"]
[EventDate "2024.09.11"]
[WhiteTeam "Finland"]
[BlackTeam "Jersey"]
[WhiteTeamCountry "FIN"]

1. d4 Nf6 2. Nf3 g6 3. g3 Bg7 4. Bg2 O-O 5. c4 d6 6. Nc3 Nbd7 7. O-O e5 8. e4 exd4 9. Nxd4 Re8 10. Re1 c6 11. b3 ({RR} 11. Bf4 Ne5 12. b3 Nh5 13. Be3 Ng4 14. Qd2 Nxe3 15. Qxe3 Qa5 16. Qd2 Nf6 17. h3 Bd7 18. Rad1 Rad8 19. Nc2 Qh5 20. g4 Qh4 21. Nd4 Nxg4 22. hxg4 Bxg4 23. Qd3 Bxd1 24. Rxd1 f5 25. Nde2 fxe4 {0-1 Iturrizaga Bonelli,E (2577)-Pichot,A (2647) CrunchLabs Masters PlayIn 2024 (9)}) 11... Ne5 $146 ({RR} 11... d5 12. cxd5 cxd5 13. exd5 Rxe1+ 14. Qxe1 Nxd5 15. Nxd5 Bxd4 16. Ba3 Bc5 17. Bxc5 Nxc5 18. Qc3 Ne6 19. Rd1 Qf8 20. Qf6 Qg7 21. Qe7 Qf8 22. Qh4 Qg7 23. Nf6+ Kh8 24. Ne8 Qf8 25. Qf6+ Kg8 26. Nd6 {1-0 Hirth,M-Kwossek,G Wuerzburg op 8th 1992}) ({RR} 11... Ng4 12. Bb2 Nc5 13. b4 Qf6 14. Nf3 Nxe4 15. Nxe4 Qxb2 16. Rb1 Qxa2 17. Nxd6 Qxf2+ 18. Kh1 Rd8 19. c5 Ne3 20. Rxe3 Qxe3 21. Rb3 Qe7 22. Qd2 Be6 23. Ra3 Bd5 24. Re3 Qc7 25. Qe1 Bf8 26. Ng5 {0-1 Mizzi,J (2043)-Golubev,M (2461) Titled Tue 9th Jan Early 2024 (10)}) ({RR} 11... a5 12. Ba3 Bf8 13. Qd2 Nc5 14. Rad1 Qb6 15. h3 Nfd7 16. Kh2 Ne5 17. f4 Ned3 18. Na4 Qc7 19. Bxc5 Nxc5 20. Nxc5 dxc5 21. Nf3 a4 22. e5 axb3 23. axb3 Qa5 24. Ng5 Qxd2 25. Rxd2 f5 26. h4 {1-0 Lodhi,M (2396)-Ramakrishna,J (2297) Commonwealth-ch 2007 (3)}) 12. h3 Qc7 13. Bb2 h6 14. f4 Ned7 15. Qd2 Nf8 16. Rad1 Ne6 17. Nde2 Rd8 18. f5 Ng5 19. e5 Ne8 20. h4 Nh7 21. fxg6 fxg6 22. Ne4 d5 23. c5 Bxe5 24. Bxe5 Qxe5 25. Qxh6 Bf5 26. Nf2 Qg7 27. Qf4 Nef6 28. Nd4 Bd7 29. Bh3 Bxh3 30. Nxh3 Qd7 31. Ne6 Rdc8 32. Qh6 Qf7 33. Nhg5 Nxg5 34. Nxg5 Qg7 35. Qxg7+ Kxg7 36. Re7+ Kg8 37. Rf1 Re8 38. Rxb7 Ne4 39. Nxe4 dxe4 40. Rf6 e3 41. Rxg6+ Kh8 42. Kf1 Rf8+ 43. Ke2 Rae8 44. Rgg7 Rf2+ 45. Ke1 Rxa2 46. Rh7+ Kg8 47. Rbg7+ Kf8 48. Rxa7 Rxa7 49. Rxa7 Re5 50. b4 Re4 51. Ra3 Rxb4 52. Rxe3 Rc4 53. Re5 Kf7 54. Kf2 Rc3 55. g4 Kf6 56. Rf5+ Ke6 57. h5 Ke7 58. Kg2 Ke6 59. h6 1-0

[Event "Olympiad Women 2024"]
[Site "Budapest HUN"]
[Date "2024.09.11"]
[Round "1.50"]
[Board "2"]
[White "Ashbrooke, Monika"]
[Black "Paasikangas, Johanna"]
[Result "0-1"]
[WhiteElo "1650"]
[BlackElo "2058"]
[PlyCount "65"]
[EventDate "2024.09.11"]
[WhiteTeam "Jersey"]
[BlackTeam "Finland"]
[BlackTeamCountry "FIN"]

1. d4 g6 2. Nf3 Bg7 3. g3 d6 4. c4 Nf6 5. Bg2 O-O 6. O-O Nbd7 7. Nc3 e5 8. dxe5 dxe5 9. Qc2 c6 10. Rd1 Qe7 11. Ng5 Nc5 12. Be3 $146 ({RR} 12. b4 h6 13. bxc5 hxg5 14. a4 Bf5 15. e4 Bg4 16. Re1 Nd7 17. a5 Rfd8 18. Na4 Nf8 19. h3 Be6 20. Rb1 Rac8 21. Be3 Rc7 22. Red1 Rcd7 23. Nb2 Rxd1+ 24. Rxd1 Rxd1+ 25. Qxd1 Nd7 26. Qc1 g4 {½-½ Primavera,G-Wade,R Venice 1950 (2)}) ({RR} 12. b4 Ne6 13. Nxe6 Bxe6 14. c5 Rfd8 15. Bg5 h6 16. Bxf6 Bxf6 17. Ne4 Bf5 18. Nxf6+ Qxf6 19. Qc3 h5 20. e3 Kg7 21. f4 exf4 22. Qxf6+ Kxf6 23. gxf4 a6 24. Kf2 Bg4 25. Rd4 Rxd4 26. exd4 Kf5 {1-0 Curtis,J (2292)-Andrews,T (2149) Titled Tue 5th Sep Late 2023 (7)}) ({RR} 12. b4 Ne6 13. b5 Nd4 14. Qa4 cxb5 15. cxb5 Qc7 16. Bd2 Bg4 17. Rac1 Bxe2 18. Re1 Qc4 19. Qxc4 Bxc4 20. Rxe5 h6 21. Rc5 Bxb5 22. Nf3 Nxf3+ 23. Bxf3 Bc6 24. Bxc6 bxc6 25. Rxc6 Rfd8 26. Bf4 Rd7 {½-½ Udovcic,M-Minev,N Maribor International 1967 (13)}) 12... Bf5 13. Qc1 Ne6 14. Nf3 Ng4 15. Nh4 Nxe3 16. Qxe3 Bg4 17. h3 Bh5 18. Nf3 Bxf3 19. Bxf3 Qb4 20. Rd2 Qxc4 21. Rad1 Nd4 22. Bg2 Rad8 23. b3 Qe6 24. Ne4 Qe7 25. Ng5 Nf5 26. Qxa7 Rxd2 27. Rxd2 Qxg5 28. Rd7 Qc1+ 29. Kh2 Nd4 30. Rxb7 Nxe2 31. h4 Qg1+ 32. Kh3 Nd4 33. Rc7 0-1

[Event "Olympiad Women 2024"]
[Site "Budapest HUN"]
[Date "2024.09.11"]
[Round "1.50"]
[Board "3"]
[White "Puuska, Heini"]
[Black "Forbes, Yasmin"]
[Result "1-0"]
[WhiteElo "1930"]
[BlackElo "1606"]
[PlyCount "69"]
[EventDate "2024.09.11"]
[WhiteTeam "Finland"]
[BlackTeam "Jersey"]
[WhiteTeamCountry "FIN"]

1. d4 d5 2. Bg5 h6 3. Bh4 c5 4. e3 Nc6 5. Nf3 Bg4 ({RR} 5... g5 6. Bg3 Bg7 7. c3 Qb6 8. Qc1 Bf5 9. Nbd2 Rc8 10. dxc5 Qxc5 11. Be2 Nf6 12. O-O O-O 13. Nd4 Bg6 14. Nxc6 Qxc6 15. Be5 Ne4 16. Bxg7 Kxg7 17. Nxe4 Bxe4 18. Qd2 Qb6 19. a4 a5 20. f3 {1-0 Kramnik,V (2788)-Grachev,B (2640) Moscow Tal Memorial Blitz 2008 (17)}) 6. Be2 ({RR} 6. c3 Qb6 7. Qb3 e6 8. Nbd2 Be7 9. h3 Bxf3 10. Nxf3 Bxh4 11. Nxh4 c4 12. Qc2 Nf6 13. Be2 Qd8 14. Nf3 Ne4 15. Nd2 Nxd2 16. Qxd2 O-O 17. O-O b5 18. f3 Qb6 19. Kh1 b4 20. e4 Rfb8 {1-0 Nadanian,A (2248)-Wisniacki,F (2247) Titled Tue 30th Jul Early 2024 (1)}) 6... g6 $146 ({RR} 6... Qb6 7. b3 Bxf3 8. Bxf3 cxd4 9. exd4 Qxd4 10. Nd2 Qxh4 {0-1 Sailer,M (2109)-Dudzinski,P (2186) Titled Tue 28th Feb Late 2023 (4)}) ({RR} 6... Qb6 7. b3 Bxf3 8. Bxf3 cxd4 9. Qd2 dxe3 10. fxe3 Qb4 11. Bf2 Qxd2+ 12. Nxd2 e6 13. c4 Nf6 14. Ke2 Be7 15. Rac1 O-O 16. Rhd1 Rfd8 17. cxd5 Nxd5 18. Bxd5 Rxd5 19. Nc4 Rad8 20. e4 Rxd1 21. Rxd1 {0-1 Kaya,E-Sade,D (1926) TUR-ch U13-U18 Girls 2020 (11)}) 7. c3 c4 8. O-O Bg7 9. Nbd2 Nf6 10. h3 Bf5 11. Bg3 O-O 12. Ne5 Ne4 13. Nxc6 bxc6 14. Nxe4 Bxe4 15. f3 Bf5 16. e4 dxe4 17. Bxc4 Re8 18. fxe4 Be6 19. Bxe6 fxe6 20. Qg4 Kh7 21. Qxe6 Qc8 22. Qxc8 Raxc8 23. Rad1 Rcd8 24. d5 cxd5 25. Rxd5 Rc8 26. Rd7 a6 27. Rf7 Kg8 28. Rfxe7 Rxe7 29. Rxe7 Rc5 30. Rb7 Rc6 31. Bf2 Be5 32. Rb6 Rc4 33. Rxg6+ Kh7 34. Rxa6 Rxe4 35. Kf1 1-0

[Event "Olympiad Women 2024"]
[Site "Budapest HUN"]
[Date "2024.09.11"]
[Round "1.51"]
[Board "1"]
[White "Sosna Mehari Abraham"]
[Black "Miranda Rodriguez, Tania"]
[Result "0-1"]
[WhiteElo "1541"]
[BlackElo "2090"]
[PlyCount "80"]
[EventDate "2024.09.11"]
[WhiteTeam "Eritrea"]
[BlackTeam "Mexico"]
[WhiteTeamCountry "ERI"]
[BlackTeamCountry "MEX"]

1. d4 Nf6 2. Nf3 d5 3. c3 c5 4. Bf4 Nc6 5. e3 Qb6 6. Qc2 g6 7. Nbd2 Bg7 8. dxc5 Qxc5 9. Bd3 O-O ({RR} 9... Nh5 10. Bg3 f5 11. Bh4 e5 12. g4 Nf6 13. Bxf6 Bxf6 14. g5 Be7 15. b4 Qd6 16. b5 Nd8 17. Be2 Ne6 18. h4 e4 19. Nd4 Nxd4 20. cxd4 f4 21. Qb3 Be6 22. Rc1 O-O 23. f3 fxe3 24. Qxe3 {0-1 Toffoletto,R (1853)-Tristan,L (2534) VI Villa Constitucion Op 2024 (1.2)}) 10. Nb3 Qb6 11. O-O Nh5 12. Rfe1 $146 ({RR} 12. Bg3 e5 13. Be2 Bf5 14. Qd2 Nxg3 15. hxg3 Rfd8 16. Rad1 a5 17. Qc1 a4 18. Nbd2 Rac8 19. Qa1 h6 20. Nh4 Be6 21. g4 e4 22. g3 Ne5 23. Ng2 Nxg4 24. Ne1 a3 25. bxa3 Nxe3 26. fxe3 Qxe3+ {0-1 Feldmanis,A (1171)-Loukopoulos,P (1984) EU-ch U16 28th 2018 (4)}) ({RR} 12. Bg3 f5 13. Nfd4 e5 14. Nxc6 bxc6 15. c4 Be6 16. c5 Qc7 17. f4 Nxg3 18. hxg3 a5 19. Rab1 Rfb8 20. Rfd1 a4 21. Nc1 Ra5 22. b4 axb3 23. axb3 Qa7 24. b4 Ra4 25. Qd2 exf4 26. gxf4 Bc8 {½-½ Vaino,N (1781)-Skalsky,A (2085) Wch U14 Khanty-Mansiysk 2016 (11)}) 12... e5 13. Bg3 Nxg3 14. hxg3 e4 15. Bxe4 dxe4 16. Qxe4 Bf5 17. Qf4 a5 18. e4 Be6 19. Nbd4 Nxd4 20. Nxd4 Bxd4 21. cxd4 Qxd4 22. b3 a4 23. Red1 Qb6 24. Rd6 Qb4 25. bxa4 Rxa4 26. Rad1 Qxe4 27. Qf6 Qf5 28. Qe7 Rxa2 29. f3 Qc5+ 30. Kh2 Qf2 31. Rg1 Qxf3 32. Rxe6 Qh5+ 33. Qh4 Qxh4+ 34. gxh4 fxe6 35. Kh3 Ra3+ 36. Kh2 Rf4 37. g3 Rf2+ 38. Kh3 Raa2 39. Re1 h5 40. Rh1 Kg7 0-1

[Event "Olympiad Women 2024"]
[Site "Budapest HUN"]
[Date "2024.09.11"]
[Round "1.51"]
[Board "2"]
[White "Mendez Tovar, Yessica Yissel"]
[Black "Besrat Mesgena Yoseph"]
[Result "1-0"]
[WhiteElo "2004"]
[BlackElo "1557"]
[PlyCount "97"]
[EventDate "2024.09.11"]
[WhiteTeam "Mexico"]
[BlackTeam "Eritrea"]
[WhiteTeamCountry "MEX"]
[BlackTeamCountry "ERI"]

1. e4 e5 2. Nf3 Nc6 3. Nc3 Nf6 4. Bb5 Bb4 5. O-O O-O 6. Bxc6 dxc6 7. d3 Bxc3 8. bxc3 Nd7 9. d4 ({RR} 9. Ng5 Qe7 10. f4 f6 11. Nf3 exf4 12. Bxf4 Nc5 13. Nd4 Ne6 14. Nf5 Qc5+ 15. Be3 Qxc3 16. Rb1 Rf7 17. Rb3 Qe5 18. Qh5 c5 19. Rf3 Nf8 20. Rb1 b6 21. Bf4 Qc3 22. Ne7+ Rxe7 23. Qd5+ Be6 {0-1 Milos,G (2606)-Flores,D (2584) Villa Martelli Bicentenario 2010 (9)}) ({RR} 9. Ba3 Re8 10. h3 b6 11. Nd2 c5 12. f4 exf4 13. Rxf4 Ne5 14. Qf1 Be6 15. Rf2 Qd7 16. Nf3 Nxf3+ 17. Rxf3 Qa4 18. Bc1 Qxc2 19. Qe1 Rad8 20. d4 Bd5 21. Bg5 Rxe4 22. Qg3 Rde8 23. Bf6 g6 {0-1 Zhukov,M (1835)-Ernst,S (2535) Titled Tue 16th Jan Late 2024 (1)}) 9... Qf6 10. Re1 $146 ({RR} 10. dxe5 Nxe5 11. Nxe5 Qxe5 12. Qd4 Re8 13. Re1 c5 14. Qxe5 Rxe5 15. Bf4 Re7 16. Rad1 Be6 17. a3 Rae8 18. f3 h6 19. Rd2 b6 20. Red1 f5 21. exf5 Bxf5 22. Kf2 Kf7 23. g4 Bc8 24. g5 hxg5 {0-1 Alarcon,A-Samame Castillo,J (2238) Huacho op 2nd 2004 (2)}) 10... h6 11. Bb2 c5 12. Qe2 cxd4 13. cxd4 Re8 14. dxe5 Nxe5 15. Nxe5 Rxe5 16. Bxe5 Qxe5 17. Rab1 Qg5 18. Qe3 Qg6 19. f4 f5 20. e5 b6 21. Rbd1 Bb7 22. Rd2 Re8 23. Qb3+ Kh7 24. Re3 Rd8 25. Red3 Rxd3 26. cxd3 Qg4 27. Rf2 h5 28. d4 Qg6 29. d5 Qf7 30. Rd2 h4 31. d6 Qxb3 32. axb3 cxd6 33. exd6 Bc6 34. d7 Bxd7 35. Rxd7 a5 36. Rb7 Kh6 37. Rxb6+ g6 38. Ra6 Kh5 39. Rxa5 Kg4 40. b4 Kxf4 41. b5 g5 42. b6 g4 43. b7 g3 44. b8=Q+ Kg4 45. h3+ Kg5 46. Qe5 Kh6 47. Qf6+ Kh7 48. Ra7+ Kg8 49. Qg7# 1-0

[Event "Olympiad Women 2024"]
[Site "Budapest HUN"]
[Date "2024.09.11"]
[Round "1.51"]
[Board "3"]
[White "Elshalom Essayas Berhane"]
[Black "Padilla Garcia, Cecilia Xasive"]
[Result "0-1"]
[WhiteElo "1659"]
[BlackElo "1954"]
[PlyCount "92"]
[EventDate "2024.09.11"]
[WhiteTeam "Eritrea"]
[BlackTeam "Mexico"]
[WhiteTeamCountry "ERI"]
[BlackTeamCountry "MEX"]

1. e4 c5 2. Nc3 d6 3. f4 Nc6 4. Bb5 Bd7 5. Bxc6 Bxc6 6. Nf3 Nf6 7. d3 g6 8. O-O Bg7 9. Qe1 Nd7 10. f5 ({RR} 10. Qh4 h6 11. Bd2 Qc7 12. Rae1 g5 13. fxg5 hxg5 14. Qxg5 Bf6 15. Nd5 Bxd5 16. Qxd5 e6 17. Qb3 O-O-O 18. Bf4 Rdg8 19. c3 Rg4 20. Bg3 Qc6 21. Re2 Rhg8 22. Rfe1 Bd8 23. c4 Nf6 24. Qb5 Qxb5 {0-1 Zeidler,S (2172)-Schwartz,J (2088) BCF-chT 2122 (4NCL) 2021 (3.96)}) 10... Ne5 ({RR} 10... gxf5 11. exf5 Bxc3 12. bxc3 Rg8 13. Bf4 Nf6 14. Qe2 Qd7 15. Rae1 O-O-O 16. Bg3 Nh5 17. Qxe7 Nxg3 18. hxg3 Rxg3 19. Qxd7+ Kxd7 20. Kh2 Rdg8 21. Re2 b5 22. Ne1 Bd5 23. a3 R3g4 24. f6 Kc6 25. Rf5 {0-1 Matinian,N (2470)-Xiong,J (2709) PNWCC WOW op 2020 (1)}) 11. Nxe5 Bxe5 12. Bf4 Bxf4 $146 ({RR} 12... Bg7 13. Kh1 gxf5 14. exf5 Bxc3 15. Qxc3 Rg8 16. Bg3 h5 17. Qc4 Qd7 18. Qh4 O-O-O 19. Qxh5 Rh8 20. Qxf7 Rdg8 21. Kg1 Rg5 22. Rae1 Kd8 23. Rf2 Rhg8 24. c4 R5g7 25. Qe6 Rf8 26. f6 {1-0 Sanchez Jerez,E (2193)-Mingarro Carceller,S (2361) Lorca op 7th 2018 (4)}) 13. Rxf4 g5 14. Rf2 f6 15. Nd5 h5 16. c4 b5 17. Rc1 bxc4 18. dxc4 Rb8 19. a3 Rb3 20. Rc3 Qa5 21. Qe3 Rxc3 22. Qxc3 Qxc3 23. Nxc3 Kd7 24. Nd5 Rb8 25. Kf1 Rb3 26. Nc3 Bb7 27. Rc2 Ba6 28. Nd5 Rd3 29. Ke2 Rd4 30. b3 Rxe4+ 31. Kf2 Bb7 32. Re2 Bxd5 33. cxd5 Rf4+ 34. Ke1 Rxf5 35. Rd2 Re5+ 36. Kf2 Kc7 37. Kf3 Kb6 38. Rd3 Kb5 39. Re3 c4 40. Rxe5 fxe5 41. bxc4+ Kxc4 42. Ke4 a5 43. Kf5 Kxd5 44. Kxg5 e4 45. Kf4 Kd4 46. h3 e3 0-1

[Event "Olympiad Women 2024"]
[Site "Budapest HUN"]
[Date "2024.09.11"]
[Round "1.52"]
[Board "1"]
[White "Wafa, Shrook"]
[Black "Andhin, Chethanah"]
[Result "1-0"]
[WhiteElo "2137"]
[BlackElo "1607"]
[PlyCount "39"]
[EventDate "2024.09.11"]
[WhiteTeam "Egypt"]
[BlackTeam "Mauritius"]
[WhiteTeamCountry "EGY"]
[BlackTeamCountry "MRI"]

1. e4 e6 2. d4 d5 3. Nc3 Nf6 4. Bg5 Be7 5. Bxf6 Bxf6 6. Nf3 O-O 7. Bd3 b6 ({RR} 7... dxe4 8. Bxe4 c5 9. dxc5 Qa5 10. O-O Qxc5 11. Re1 Nd7 12. Re3 Qe7 13. Qe2 g6 14. Rd1 Bg7 15. Nb5 Nc5 16. b4 Nxe4 17. Rxe4 Bd7 18. Nd6 Bc6 19. Re3 Qc7 20. Qc4 Rad8 21. Red3 Rd7 22. Nb5 {½-½ Rakic,T (2455)-Kuligowski,A (2405) Warsaw Cup 1980 (4)}) 8. Qe2 Bb7 9. O-O-O c5 $146 ({RR} 9... a5 10. g4 Ba6 11. h4 Bxd3 12. Qxd3 dxe4 13. Nxe4 Na6 14. a3 Be7 15. g5 Qd5 16. Nc3 Qd6 17. Kb1 c5 18. Ne4 Qf4 19. Qe3 Qxe3 20. fxe3 cxd4 21. exd4 b5 22. Ne5 b4 23. a4 Rac8 24. h5 {1-0 Savitha,S (2363)-Shubenkova,V (2113) Swiss Queens Wed #13 2024 (3.237)}) 10. e5 Bg5+ 11. Kb1 c4 12. Bxh7+ Kxh7 13. h4 Be7 14. Ng5+ Kg6 15. Qf3 Bxg5 16. hxg5 Rh8 17. Ne2 f5 18. gxf6 Nd7 19. Qg4+ Kf7 20. Qxg7+ 1-0